00234nam a2200097Ia 4500008004100000100001700041245002500058260002900083942000700112999001700119190216s9999||||xx |||||||||||||| ||und|| aAmreetha Rai 0aHindi-Hathi Ke Danth bMac Millian And Com. Ltd cBK c17462d17462